James Bond Villain by Scheme - Statistics

General Stats
  • This quiz has been taken 33 times
  • The average score is 18 of 28
Answer Stats
Hint Answer % Correct
Help General Orlov with his plan to get his hands on jewels from the Kremlin Kamal Khan
85%
Start a war between the UK and China so he can make a broadcasting deal to China, so his media company has more news to cover Elliot Carver
80%
Cause an earthquake along the San Andreas Fault destroying Silicon Valley to wipe out his competitors Max Zorin
80%
Irradiate the gold in Fort Knox raising his golds worth Auric Goldfinger
75%
Regain his clients' funds by winning a poker tournament Le Chiffre
75%
Launch a cyberattack on MI6 and then personally kill M as revenge Raoul Silva
75%
Use a satelite EMP called GoldenEye to destroy London's economy Alec Trevelyan
70%
Kill of Earth's population so he can start a new one in space Hugo Drax
70%
Wipe out SPECTRE using a DNA-based bioweapon called Heracles and then use it on the world Lyutsifer Safin
70%
Blow up a nuclear submarine in Istanbul to help Elektra in her plans Renard
70%
Get Bond to steal a device to give to the soviets and ruin Bond's reputation Rosa Klebb and Tov Kronsteen
70%
Make a deal with General Koskov and the Mujahadeen to get opium in exchange for selling high-tech weapons Brad Whitaker
65%
Gain a monopoly in oil in Europe by destroying a competing pipeline in Istanbul Elektra King
65%
Steal two submarines holding nuclear bombs to launch at the U.S. and Russia destroying the world so he can start a new one under the sea Karl Stromberg
65%
Put General Medrano in charge of Bolivia to get access to land containing an aquifer so he can sell the water to the Bolivian Government at ridiculously high prices Dominic Greene
60%
Destroy livestock and crops unless he is given a pardon and the title of count Ernst Stavro Blofeld (OHMSS)
60%
Start a war between the U.S and the USSR Ernst Stavro Blofeld (YOLT)
60%
Kill Bond and sell the Solex Agitator Francisco Scaramanga
60%
Use a sun-enhancing laser called Icarus to destroy a Korean demilitarized zone to start a war between North and South Korea Gustav Graves
60%
Topple Cape Canaveral's space program using a nuclear radio beam Dr. No
55%
Steal A-Bombs and extort money from world leaders Emilio Largo
55%
Use a laser made from diamonds to destroy nuclear weapons around the world Ernst Stavro Blofeld (DAF)
55%
Smuggle vast amounts of cocaine into Asia be getting it from petrol Franz Sanchez
55%
Control a global surveillance system called Nine Eyes Franz Oberhauser/Blofeld
50%
Detonate a nuclear warhead in a German base letting the Soviets conquer western Europe General Orlov
50%
Fake a defection causing MI6 to kill his rival who was investigating his weapon smuggling General Koskov
45%
Distribute large amounts of heroin into the U.S. forcing out his competitors Dr. Kananga
40%
Sell a missile to Russia and get Bond to kill his nemisis Aristotle Kristatos
35%
No matching quizzes found
Score Distribution
Percent of People with Each Score
Percentile by Number Answered
Your Score History
You have not taken this quiz